A nineteenth century American reader (Record no. 493213)

000 -LEADER
fixed length control field 00333cam a22001217a 4500
008 - FIXED-LENGTH DATA ELEMENTS--GENERAL INFORMATION
fixed length control field 180718b1989 xxu||||| |||| 00| 0 eng d
082 ## - DEWEY DECIMAL CLASSIFICATION NUMBER
Classification number A2x73 In4
245 ## - TITLE STATEMENT
Title A nineteenth century American reader
Statement of responsibility, etc. edited by M. Thomas Inge
260 ## - PUBLICATION, DISTRIBUTION, ETC.
Place of publication, distribution, etc. New Delhi
Name of publisher, distributor, etc. Asian
Date of publication, distribution, etc. 1989
300 ## - PHYSICAL DESCRIPTION
Extent 584p.
650 ## - SUBJECT ADDED ENTRY--TOPICAL TERM
Topical term or geographic name entry element Litrature
700 ## - ADDED ENTRY--PERSONAL NAME
Personal name Inge, M. Thomas
Holdings
Withdrawn status Lost status Damaged status Not for loan Permanent Location Current Location Date acquired Full call number Barcode Date last seen Price effective from Koha item type
        Indian Institute of Public Administration Indian Institute of Public Administration 2018-08-04 A2x73 In4 GR17394 2018-08-04 2018-08-04 GR

Powered by Koha